| 000 | 00712nam a22002177a 4500 | ||
|---|---|---|---|
| 999 |
_c18296 _d18296 |
||
| 003 | AR-CdUCM | ||
| 008 | 190513b ||||| |||| 00| 0 spa d | ||
| 040 |
_aMUNICIPALIDAD PROVINCIAL DEL CUSCO _cBIBLIOTECA MUNICIPAL DEL CUSCO |
||
| 041 | _hfre | ||
| 082 |
_a848.9 / _bM25 |
||
| 100 |
_aMaeterlinck, Mauricio _938806 |
||
| 245 | _aLa araña de vidrio / | ||
| 260 |
_aBuenos Aires : _bJ. C. Rovira, _c1932. |
||
| 300 |
_a126 páginas ; _c19 cm. |
||
| 505 | _aContenido: La araña de vidrio -- Sicelides musae -- El reino de los muertos ... | ||
| 650 |
_aLiteratura francesa _9913 |
||
| 650 |
_aNovela _95 |
||
| 700 |
_aLabrousse, Pedro (traductor) _910329 |
||
| 942 |
_2ddc _cLIBROS |
||
| 945 |
_aacv _d2019-05-13 |
||